MARC details
| 000 -CABECERA |
| campo de control de longitud fija |
01728nam a2200265 a 4500 |
| 001 - NÚMERO DE CONTROL |
| campo de control |
000020814 |
| 005 - FECHA Y HORA DE LA ÚLTIMA TRANSACCIÓN |
| campo de control |
20250401130908.0 |
| 008 - DATOS DE LONGITUD FIJA--INFORMACIÓN GENERAL |
| campo de control de longitud fija |
100818s2008 dr ab 000 0 spa d |
| 020 ## - NÚMERO INTERNACIONAL ESTÁNDAR DEL LIBRO |
| Número Internacional Estándar del Libro |
9789945859560 |
| 040 ## - FUENTE DE LA CATALOGACIÓN |
| Centro catalogador/agencia de origen |
DO-SdBNP |
| Lengua de catalogación |
spa |
| Centro/agencia transcriptor |
BNPHU |
| 082 ## - NÚMERO DE LA CLASIFICACIÓN DECIMAL DEWEY |
| Número de clasificación |
303.44 |
| Número de documento/Ítem |
P964i, 2008 |
| 110 2# - ENTRADA PRINCIPAL--NOMBRE DE ENTIDAD CORPORATIVA |
| Nombre de entidad corporativa o nombre de jurisdicción como elemento de entrada |
Programa de las Naciones Unidas para el Desarrollo |
| 9 (RLIN) |
187 |
| 245 10 - MENCIÓN DE TÍTULO |
| Título |
Informe sobre desarrollo humano República Dominicana 2008 : |
| Resto del título |
desarrollo humano, una cuestión de poder / |
| Mención de responsabilidad, etc. |
prólogo Miguel Ceara-Hatton. |
| 246 ## - FORMA VARIANTE DE TÍTULO |
| Título propio/Titulo breve |
Desarrollo humano, una cuestión de poder |
| 260 ## - PUBLICACIÓN, DISTRIBUCIÓN, ETC. |
| Lugar de publicación, distribución, etc. |
Santo Domingo : |
| Nombre del editor, distribuidor, etc. |
Taller, |
| Fecha de publicación, distribución, etc. |
2008. |
| 300 ## - DESCRIPCIÓN FÍSICA |
| Extensión |
xxxvi, 519 p. : |
| Otras características físicas |
il. ; mapa, ; |
| Dimensiones |
29 cm. |
| 500 2# - NOTA GENERAL |
| Nota general |
Presentación -- Prólogo -- Secretaría de Estado de Economía, Planificación y Desarrollo : algunas consideraciones sobre el INDH 2008 -- Perspectiva general : desarrollo humano, una cuestión de poder -- Desarrollo humano y poder en el territorio -- El empoderamiento social : poder que se construya y se conquista -- La descentralización : poder que se redistribuye -- Capacidades esenciales para el empoderamiento : educación, salud, protección y asistencia social -- La economía : una dinámica que fragmenta el territorio -- Sostenibilidad ambiental y desarrollo humano -- Elementos para una estrategia de empoderamiento, descentralización e intervención en el territorio. |
| 590 ## - NOTA LOCAL (RLIN) |
| Nota local |
Inventariado, 2018/BT |
| 650 #4 - PUNTO DE ACCESO ADICIONAL DE MATERIA--TÉRMINO DE MATERIA |
| Término de materia o nombre geográfico como elemento de entrada |
Desarrollo humano |
| 9 (RLIN) |
213 |
| 650 #4 - PUNTO DE ACCESO ADICIONAL DE MATERIA--TÉRMINO DE MATERIA |
| Término de materia o nombre geográfico como elemento de entrada |
Desarrollo económico |
| Subdivisión general |
Aspectos sociales |
| 9 (RLIN) |
1346 |
| 651 #4 - PUNTO DE ACCESO ADICIONAL DE MATERIA--NOMBRE GEOGRÁFICO |
| Nombre geográfico |
República Dominicana |
| Subdivisión general |
Condiciones Sociales |
| 9 (RLIN) |
46 |
| 651 #4 - PUNTO DE ACCESO ADICIONAL DE MATERIA--NOMBRE GEOGRÁFICO |
| Nombre geográfico |
República Dominicana |
| Subdivisión general |
Condiciones Económicas |
| 9 (RLIN) |
281 |
| 700 1# - PUNTO DE ACCESO ADICIONAL--NOMBRE DE PERSONA |
| Nombre de persona |
Ceara-Hatton, Miguel |
| Término indicativo de función/relación |
pról. |
| 9 (RLIN) |
1685 |
| 910 ## - DATOS DE OPCIÓN DEL USUARIO (OCLC) |
| Datos de opción del usuario |
Validado. Control de calidad. MMOLINA |